000 00362nam a2200145Ia 4500
005 20251222143243.0
008 251222s9999||||xx |||||||||||||| ||spa||
020 _a8471517787
082 _a221.61/S51
100 _aSicre, José Luis
245 0 _aIntroducción al Antiguo Testamento
250 _a7ma. ed.
264 _bEditorial Verbo Divino
942 _cLIB
999 _c14662
_d14662